| 000 | 00525nas a22001457a 4500 | ||
|---|---|---|---|
| 999 |
_c1186 _d1186 |
||
| 008 | 130227t20079999ag ||||| |||| 00| 0 spa d | ||
| 022 | _a1669-8762 | ||
| 245 | _aHacia la Calidad en Salud | ||
| 260 |
_aLa Plata: _bComisión Interinstitucional para el Desarrollo de la Calidad en la Atención Médica, _c2007 |
||
| 300 | _av. : | ||
| 546 | _aespañol | ||
| 590 | _aExistencias: 2007 2(4,5); 2008 (6); 2009 (9); 2010 (10) BAJA DEPOSITO (CAJA 17) MAYO 2017 | ||
| 650 |
_aCALIDAD DE LA ATENCION EN SALUD _91913 |
||
| 942 |
_2ddc _cCR |
||